Salmonid Species - Statistics

General Stats
  • This quiz has been taken 4 times
  • The average score is 12 of 168
Answer Stats
Genus Answer % Correct
Salmon (Salmo) Atlantic Salmon
100%
Rainbow and Golden Trouts (Oncorhynchus) Golden Trout
100%
Rainbow and Golden Trouts (Oncorhynchus) Rainbow Trout
100%
Brown Trout (Salmo) Brown Trout
67%
Pacific Salmon (Oncorhynchus) Chinook Salmon
67%
Pacific Salmon (Oncorhynchus) Coho Salmon
67%
Taimen (Hucho) Huchen
67%
Taimen (Hucho) Taimen
67%
Trout of the Southwestern US (Oncorhynchus) Apache Trout
33%
Circumpolar Char (Salvelinus) Arctic Char
33%
Grayling (Thymallus) Arctic Grayling
33%
Cutthroat Trout (Oncorhynchus) Bonneville Cutthroat Trout
33%
Char of North America (Salvelinus) Brook Trout
33%
Char of North America (Salvelinus) Bull Trout
33%
Japanese Salmon and Trout (Oncorhynchus) Cherry Trout
33%
Pacific Salmon (Oncorhynchus) Chum Salmon
33%
Grayling (Thymallus) European Grayling
33%
Trout of the Southwestern US (Oncorhynchus) Gila Trout
33%
Cutthroat Trout (Oncorhynchus) Greenback Cutthroat Trout
33%
Brown Trout (Salmo) Lacustrine Trout
33%
Char of North America (Salvelinus) Lake Trout
33%
Trout of the Adriatic Basin (Salmo) Marble Trout
33%
Pacific Salmon (Oncorhynchus) Pink Salmon
33%
Pacific Salmon (Oncorhynchus) Sockeye Salmon
33%
Trout of the Adriatic Basin (Salmo) Adriatic Trout
0%
Trout and Salmon of Turkey (Salmo) Alakir Trout
0%
Char of Central Europe (Salvelinus) Ammersee Char
0%
Brown Trout (Salmo) Amudarya Trout
0%
Grayling (Thymallus) Amur Grayling
0%
Lenoks (Brachymystax) Amur Trout
0%
Brown Trout (Salmo) Aral Trout
0%
Char of Asia (Salvelinus) Asian Dolly Varden
0%
Rainbow and Golden Trouts (Oncorhynchus) Athabasca Rainbow Trout
0%
Char of North America (Salvelinus) Aurora Trout
0%
Grayling (Thymallus) Baikal Black Grayling
0%
Char of Asia (Salvelinus) Baikal Char
0%
Grayling (Thymallus) Baikal White Grayling
0%
Trout and Salmon of Turkey (Salmo) Baliki Trout
0%
Rainbow and Golden Trouts (Oncorhynchus) Beardslee Trout
0%
Char of the North Atlantic (Salvelinus) Bear Island Char
0%
Trout of Macedonia (Salmo) Belvica Trout
0%
Japanese Salmon and Trout (Oncorhynchus) Biwa Trout
0%
Trout and Salmon of Turkey (Salmo) Black Sea Salmon
0%
Char of the British Isles (Salvelinus) Blunt-Snouted Irish Char
0%
Lenoks (Brachymystax) Blunt-snouted Lenok
0%
Char of Asia (Salvelinus) Boganida Char
0%
Grayling (Thymallus) Bureya Grayling
0%
Trout and Salmon of the Caucasus (Salmo) Caspian Salmon
0%
Trout and Salmon of the Caucasus (Salmo) Caspian Trout
0%
Char of Asia (Salvelinus) Cherskii’s Char
0%
Trout and Salmon of Turkey (Salmo) Chilo Trout
0%
Char of Asia (Salvelinus) Chukot Char
0%
Cutthroat Trout (Oncorhynchus) Coastal Cutthroat Trout
0%
Rainbow and Golden Trouts (Oncorhynchus) Coastal Rainbow Trout
0%
Char of the British Isles (Salvelinus) Cole’s Char
0%
Cutthroat Trout (Oncorhynchus) Colorado River Cutthroat Trout
0%
Rainbow and Golden Trouts (Oncorhynchus) Columbia River Redband Trout
0%
Char of the British Isles (Salvelinus) Coomsaharn Char
0%
Trout and Salmon of Turkey (Salmo) Çoruh Trout
0%
Char of Central Europe (Salvelinus) Deepwater Char
0%
Trout of the Adriatic Basin (Salmo) Dentex Trout
0%
Trout of Morocco (Salmo) Draa Trout
0%
Char of Asia (Salvelinus) Dryagin’s Char
0%
Rainbow and Golden Trouts (Oncorhynchus) Eagle Lake Trout
0%
Grayling (Thymallus) East Siberian Grayling
0%
Trout and Salmon of Turkey (Salmo) Euphrates Trout
0%
Char of Asia (Salvelinus) Ezo Iwana
0%
Char of the North Atlantic (Salvelinus) Faroe Char
0%
Brown Trout (Salmo) Farrio Trout
0%
Trout of the British Isles (Salmo) Ferox Trout
0%
Trout of Italy (Salmo) Fibreno Trout
0%
Trout and Salmon of Turkey (Salmo) Flathead Trout
0%
Japanese Salmon and Trout (Oncorhynchus) Formosan Landlocked Salmon
0%
Trout of the British Isles (Salmo) Gillaroo Trout
0%
Char of Asia (Salvelinus) Gogi Iwana
0%
Char of the British Isles (Salvelinus) Golden Char
0%
Char of the British Isles (Salvelinus) Gray’s Char
0%
Rainbow and Golden Trouts (Oncorhynchus) Great Basin Redband Trout
0%
Char of Asia (Salvelinus) Gritzenko Char
0%
Char of the British Isles (Salvelinus) Haddy Char
0%
Char of the British Isles (Salvelinus) Haweswater Char
0%
Grayling (Thymallus) Hovsgol Grayling
0%
Char of North America (Salvelinus) Humper Lake Trout
0%
Trout of Morocco (Salmo) Isli Trout
0%
Grayling (Thymallus) Kamchatka Grayling
0%
Rainbow and Golden Trouts (Oncorhynchus) Kamchatka Rainbow Trout
0%
Rainbow and Golden Trouts (Oncorhynchus) Kamloops Rainbow Trout
0%
Rainbow and Golden Trouts (Oncorhynchus) Kern River Rainbow Trout
0%
Trout and Salmon of the Caucasus (Salmo) Kezenoi-Am Trout
0%
Char of Asia (Salvelinus) Kirikuchi Char
0%
Taimen (Hucho) Korean Taimen
0%
Char of Asia (Salvelinus) Krogius Char
0%
Cutthroat Trout (Oncorhynchus) Lahontan Cutthroat Trout
0%
Trout and Salmon of Turkey (Salmo) Lake Abant Trout
0%
Char of Central Europe (Salvelinus) Lake Char
0%
Trout of Italy (Salmo) Lake Garda Trout
0%
Trout of Morocco (Salmo) Lake Ifni Trout
0%
Char of the British Isles (Salvelinus) Large-mouthed Char
0%
Char of the North Atlantic (Salvelinus) Lepecheni Char
0%
Rainbow and Golden Trouts (Oncorhynchus) Little Kern Golden Trout
0%
Grayling (Thymallus) Loire Grayling
0%
Char of Asia (Salvelinus) | Salvethymus Long-finned Char
0%
Char of Asia (Salvelinus) Long-headed Char
0%
Trout of the Ionian Basin (Salmo) Louros Trout
0%
Grayling (Thymallus) Lower Amur Grayling
0%
Trout of Macedonia (Salmo) Macedonian Trout
0%
Trout of Morocco (Salmo) Maghreb Trout
0%
Char of the British Isles (Salvelinus) Malloch’s Char
0%
Rainbow and Golden Trouts (Oncorhynchus) McCloud River Redband Trout
0%
Trout of Italy (Salmo) Mediterranean Trout
0%
Rainbow and Golden Trouts (Oncorhynchus) Mexican Golden Trout
0%
Rainbow and Golden Trouts (Oncorhynchus) Mexican Rainbow Trout
0%
Grayling (Thymallus) Mongolian Grayling
0%
Trout and Salmon of Turkey (Salmo) Munzur Trout
0%
Char of the North Atlantic (Salvelinus) Murta Char
0%
Char of Asia (Salvelinus) Neiva Char
0%
Char of Asia (Salvelinus) Nikko Iwana
0%
Char of North America (Salvelinus) Northern Dolly Varden
0%
Trout of Italy (Salmo) Northern Italian Brook Trout
0%
Trout of Macedonia (Salmo) Ohrid Trout
0%
Cutthroat Trout (Oncorhynchus) Paiute Cutthroat Trout
0%
Trout of Macedonia (Salmo) Pelagonian Trout
0%
Trout of Macedonia (Salmo) Prespa Trout
0%
Lenoks (Brachymystax) Qinling Lenok
0%
Japanese Salmon and Trout (Oncorhynchus) Red Spotted Masu Salmon
0%
Trout of France and Switzerland (Salmo) Rhône Trout
0%
Cutthroat Trout (Oncorhynchus) Rio Grande Cutthroat Trout
0%
Trout and Salmon of Turkey (Salmo) Rize River Trout
0%
Char of North America (Salvelinus) Rush Lake Trout
0%
Char of Asia (Salvelinus) Sakhalinian Char
0%
Taimen (Parahucho) Sakhalin Taimen
0%
Char of Asia (Salvelinus) Schmidt’s Char
0%
Char of the British Isles (Salvelinus) Scottish Char
0%
Brown Trout (Salmo) Sea Trout
0%
Trout and Salmon of the Caucasus (Salmo) Sevan Trout
0%
Trout and Salmon of Turkey (Salmo) Seyhan Trout
0%
Lenoks (Brachymystax) Sharp-snouted Lenok
0%
Char of the British Isles (Salvelinus) Shetland Char
0%
Taimen (Hucho) Sichuan Taimen
0%
Char of North America (Salvelinus) Siscowet Lake Trout
0%
Char of Asia (Salvelinus) Small-mouth Char
0%
Cutthroat Trout (Oncorhynchus) Snake River Finespotted Cutthroat Trout
0%
Trout of the Adriatic Basin (Salmo) Softmouth Trout
0%
Trout of the British Isles (Salmo) Sonaghen Trout
0%
Char of North America (Salvelinus) Southern Dolly Varden
0%
Char of Asia (Salvelinus) Stone Char
0%
Char of Asia (Salvelinus) Taimy Char
0%
Char of Asia (Salvelinus) Taranets Char
0%
Trout of Morocco (Salmo) Tensift Trout
0%
Char of the North Atlantic (Salvelinus) Thingvallavatn Char
0%
Char of the British Isles (Salvelinus) Torgoch Char
0%
Trout and Salmon of Turkey (Salmo) Upper Tigris Trout
0%
Grayling (Thymallus) Upper Yenisei Grayling
0%
Trout of the Adriatic Basin (Salmo) Visovac Trout
0%
Trout and Salmon of Turkey (Salmo) Western Euphrates Trout
0%
Cutthroat Trout (Oncorhynchus) Westslope Cutthroat Trout
0%
Char of Asia (Salvelinus) White Char
0%
Char of Asia (Salvelinus) Whitespotted Char
0%
Char of the British Isles (Salvelinus) Windermere Char
0%
Char of Asia (Salvelinus) Yakutian Char
0%
Grayling (Thymallus) Yalu Grayling
0%
Char of Asia (Salvelinus) Yamato Iwana
0%
Grayling (Thymallus) Yellow-spotted Grayling
0%
Cutthroat Trout (Oncorhynchus) Yellowstone Cutthroat Trout
0%
Char of Asia (Salvelinus) Yessey Lake Char
0%
Trout of the Adriatic Basin (Salmo) Zeta Trout
0%
Trout of the Adriatic Basin (Salmo) Zrmanja Trout
0%
No matching quizzes found
Score Distribution
Percent of People with Each Score
Percentile by Number Answered
Your Score History
You have not taken this quiz